000 00883nam a2200277 4500
001 1231041
003 NUST - PNEC
005 20170116180847.0
008 680301s1968 njua b 000 0 eng
010 _a 68015764
020 _a-
040 _aDLC
_cLIBRARY
_dDLC
050 0 0 _aT353
_b.L882 1968
082 0 0 _a744.422 LUZ
100 1 _aLuzadder, Warren Jacob.
240 0 0 _aGraphics for engineers
245 1 0 _aBasic graphics for design, analysis, communications, and the computer
_c[by] Warren J. Luzadder.
250 _a2d ed.
260 _aEnglewood Cliffs, N.J.,
_bPrentice-Hall
_c[1968]
300 _axiii, 641 p.
_billus.
_c25 cm.
500 _aFirst published in 1957 under title: Graphics for engineers.
504 _aBibliography: p. 626-630.
650 0 _aMechanical drawing.
_xME
906 _a7
_bcbc
_corignew
_du
_encip
_f19
_gy-gencatlg
942 _2ddc
_cBK
999 _c64505
_d64505